000 00213 a2200097 4500
001 13501
100 _aTerrill R
245 _aThe future of china
260 _aLondon
_bAndre deutsch ltd
_c
090 _c10505
_d10505
942 _aNUST-CAE
_cM
_c565
999 _c248574
_d248574